<?xml version="1.0" encoding="UTF-8"?>
<record
    xmlns:xsi="http://www.w3.org/2001/XMLSchema-instance"
    xsi:schemaLocation="http://www.loc.gov/MARC21/slim http://www.loc.gov/standards/marcxml/schema/MARC21slim.xsd"
    xmlns="http://www.loc.gov/MARC21/slim">

  <leader>00854nam a22001577a 4500</leader>
  <controlfield tag="003">OSt</controlfield>
  <controlfield tag="005">20150920101719.0</controlfield>
  <controlfield tag="008">150920b        xxu||||| |||| 00| 0 eng d</controlfield>
  <datafield tag="040" ind1=" " ind2=" ">
    <subfield code="c">RUA</subfield>
  </datafield>
  <datafield tag="082" ind1=" " ind2=" ">
    <subfield code="a">AGR LY 2008 B038 Or.1</subfield>
  </datafield>
  <datafield tag="100" ind1=" " ind2=" ">
    <subfield code="9">916</subfield>
    <subfield code="a">LY, TOUCH.</subfield>
  </datafield>
  <datafield tag="245" ind1=" " ind2=" ">
    <subfield code="a">Study on the effeciency of tonle sap lake sediment on the yield improvement of phka rumduol rice at royal university of agriculture during rainy season 2007 &#x1780;&#x17B6;&#x179A;&#x179F;&#x17B7;&#x1780;&#x17D2;&#x179F;&#x17B6;&#x1794;&#x17D2;&#x179A;&#x179F;&#x17B7;&#x1791;&#x17D2;&#x1792;&#x1797;&#x17B6;&#x1796;&#x179A;&#x1794;&#x179F;&#x17CB;&#x1797;&#x1780;&#x17CB;&#x1794;&#x17B9;&#x1784;&#x1791;&#x1793;&#x17D2;&#x179B;&#x17C1;&#x179F;&#x17B6;&#x1794;&#x179B;&#x17BE;&#x1780;&#x17B6;&#x179A;&#x1794;&#x1784;&#x17D2;&#x1780;&#x17BE;&#x1793;&#x1791;&#x17B7;&#x1793;&#x17D2;&#x1793;&#x1795;&#x179B;&#x179F;&#x17D2;&#x179A;&#x17BC;&#x179C;&#x1795;&#x17D2;&#x1780;&#x17B6;&#x179A;&#x17C6;&#x178A;&#x17BD;&#x179B;&#x1793;&#x17C5;&#x179A;&#x178A;&#x17BC;&#x179C;&#x179C;&#x179F;&#x17D2;&#x179F;&#x17B6;&#x1780;&#x17D2;&#x1793;&#x17BB;&#x1784;&#x179F;&#x17B6;&#x1780;&#x179B;&#x179C;&#x17B7;&#x1791;&#x17D2;&#x1799;&#x17B6;&#x179B;&#x17D0;&#x1799;&#x1797;&#x17BC;&#x1798;&#x17B7;&#x1793;&#x17D2;&#x1791;&#x1780;&#x179F;&#x17B7;&#x1780;&#x1798;&#x17D2;&#x1798;</subfield>
  </datafield>
  <datafield tag="260" ind1=" " ind2=" ">
    <subfield code="a">Phnom Penh</subfield>
    <subfield code="b">RUA</subfield>
    <subfield code="c">2008</subfield>
  </datafield>
  <datafield tag="300" ind1=" " ind2=" ">
    <subfield code="a">xii; 52p.</subfield>
    <subfield code="b">ill.</subfield>
    <subfield code="c">29cm.</subfield>
  </datafield>
  <datafield tag="942" ind1=" " ind2=" ">
    <subfield code="2">ddc</subfield>
    <subfield code="c">AGR</subfield>
  </datafield>
  <datafield tag="999" ind1=" " ind2=" ">
    <subfield code="c">883</subfield>
    <subfield code="d">883</subfield>
  </datafield>
  <datafield tag="952" ind1=" " ind2=" ">
    <subfield code="0">0</subfield>
    <subfield code="1">0</subfield>
    <subfield code="2">ddc</subfield>
    <subfield code="4">0</subfield>
    <subfield code="6">AGR_LY_2008_000000000000000_B038_OR_1</subfield>
    <subfield code="7">0</subfield>
    <subfield code="9">3534</subfield>
    <subfield code="a">LBB</subfield>
    <subfield code="b">LBB</subfield>
    <subfield code="c">B038</subfield>
    <subfield code="d">2015-09-20</subfield>
    <subfield code="o">AGR LY 2008 B038 Or.1</subfield>
    <subfield code="p">RUA002149</subfield>
    <subfield code="r">2015-09-20</subfield>
    <subfield code="w">2015-09-20</subfield>
    <subfield code="y">AGR</subfield>
  </datafield>
  <datafield tag="952" ind1=" " ind2=" ">
    <subfield code="0">0</subfield>
    <subfield code="1">0</subfield>
    <subfield code="2">ddc</subfield>
    <subfield code="4">0</subfield>
    <subfield code="6">AGR_LY_2008_000000000000000_B038_OR_2</subfield>
    <subfield code="7">0</subfield>
    <subfield code="9">3535</subfield>
    <subfield code="a">LBB</subfield>
    <subfield code="b">LBB</subfield>
    <subfield code="c">B038</subfield>
    <subfield code="d">2015-09-20</subfield>
    <subfield code="o">AGR LY 2008 B038 Or.2</subfield>
    <subfield code="p">RUA002362</subfield>
    <subfield code="r">2015-09-20</subfield>
    <subfield code="w">2015-09-20</subfield>
    <subfield code="y">AGR</subfield>
  </datafield>
  <datafield tag="952" ind1=" " ind2=" ">
    <subfield code="0">0</subfield>
    <subfield code="1">0</subfield>
    <subfield code="2">ddc</subfield>
    <subfield code="4">0</subfield>
    <subfield code="6">AGR_LY_2008_000000000000000_B038_OR_3</subfield>
    <subfield code="7">0</subfield>
    <subfield code="9">3536</subfield>
    <subfield code="a">LBB</subfield>
    <subfield code="b">LBB</subfield>
    <subfield code="c">B038</subfield>
    <subfield code="d">2015-09-20</subfield>
    <subfield code="o">AGR LY 2008 B038 Or.3</subfield>
    <subfield code="p">RUA002218</subfield>
    <subfield code="r">2015-09-20</subfield>
    <subfield code="w">2015-09-20</subfield>
    <subfield code="y">AGR</subfield>
  </datafield>
  <datafield tag="952" ind1=" " ind2=" ">
    <subfield code="0">0</subfield>
    <subfield code="1">0</subfield>
    <subfield code="2">ddc</subfield>
    <subfield code="4">0</subfield>
    <subfield code="6">AGR_LY_2008_000000000000000_B038_OR_4</subfield>
    <subfield code="7">0</subfield>
    <subfield code="9">3537</subfield>
    <subfield code="a">LBB</subfield>
    <subfield code="b">LBB</subfield>
    <subfield code="c">B038</subfield>
    <subfield code="d">2015-09-20</subfield>
    <subfield code="o">AGR LY 2008 B038 Or.4</subfield>
    <subfield code="p">RUA002930</subfield>
    <subfield code="r">2015-09-20</subfield>
    <subfield code="w">2015-09-20</subfield>
    <subfield code="y">AGR</subfield>
  </datafield>
  <datafield tag="952" ind1=" " ind2=" ">
    <subfield code="0">0</subfield>
    <subfield code="1">0</subfield>
    <subfield code="2">ddc</subfield>
    <subfield code="4">0</subfield>
    <subfield code="6">AGR_LY_2008_000000000000000_B038_OR_5</subfield>
    <subfield code="7">0</subfield>
    <subfield code="9">3538</subfield>
    <subfield code="a">LBB</subfield>
    <subfield code="b">LBB</subfield>
    <subfield code="c">B038</subfield>
    <subfield code="d">2015-09-20</subfield>
    <subfield code="o">AGR LY 2008 B038 Or.5</subfield>
    <subfield code="p">RUA002293</subfield>
    <subfield code="r">2015-09-20</subfield>
    <subfield code="w">2015-09-20</subfield>
    <subfield code="y">AGR</subfield>
  </datafield>
  <datafield tag="952" ind1=" " ind2=" ">
    <subfield code="0">0</subfield>
    <subfield code="1">0</subfield>
    <subfield code="2">ddc</subfield>
    <subfield code="4">0</subfield>
    <subfield code="6">AGR_LY_2008_000000000000000_B038_OR_6</subfield>
    <subfield code="7">0</subfield>
    <subfield code="9">3539</subfield>
    <subfield code="a">LBB</subfield>
    <subfield code="b">LBB</subfield>
    <subfield code="c">B038</subfield>
    <subfield code="d">2015-09-20</subfield>
    <subfield code="o">AGR LY 2008 B038 Or.6</subfield>
    <subfield code="p">RUA002485</subfield>
    <subfield code="r">2015-09-20</subfield>
    <subfield code="w">2015-09-20</subfield>
    <subfield code="y">AGR</subfield>
  </datafield>
  <datafield tag="952" ind1=" " ind2=" ">
    <subfield code="0">0</subfield>
    <subfield code="1">0</subfield>
    <subfield code="2">ddc</subfield>
    <subfield code="4">0</subfield>
    <subfield code="6">AGR_LY_2008_000000000000000_B038_OR_7</subfield>
    <subfield code="7">0</subfield>
    <subfield code="9">3540</subfield>
    <subfield code="a">LBB</subfield>
    <subfield code="b">LBB</subfield>
    <subfield code="c">B038</subfield>
    <subfield code="d">2015-09-20</subfield>
    <subfield code="l">1</subfield>
    <subfield code="o">AGR LY 2008 B038 Or.7</subfield>
    <subfield code="p">RUA002275</subfield>
    <subfield code="r">2023-04-21</subfield>
    <subfield code="s">2023-03-22</subfield>
    <subfield code="w">2015-09-20</subfield>
    <subfield code="y">AGR</subfield>
  </datafield>
  <datafield tag="952" ind1=" " ind2=" ">
    <subfield code="0">0</subfield>
    <subfield code="1">0</subfield>
    <subfield code="2">ddc</subfield>
    <subfield code="4">0</subfield>
    <subfield code="6">AGR_LY_2008_000000000000000_B038_OR_8</subfield>
    <subfield code="7">0</subfield>
    <subfield code="9">3541</subfield>
    <subfield code="a">LBB</subfield>
    <subfield code="b">LBB</subfield>
    <subfield code="c">B038</subfield>
    <subfield code="d">2015-09-20</subfield>
    <subfield code="o">AGR LY 2008 B038 Or.8</subfield>
    <subfield code="p">RUA002425</subfield>
    <subfield code="r">2015-09-20</subfield>
    <subfield code="w">2015-09-20</subfield>
    <subfield code="y">AGR</subfield>
  </datafield>
  <datafield tag="952" ind1=" " ind2=" ">
    <subfield code="0">0</subfield>
    <subfield code="1">0</subfield>
    <subfield code="2">ddc</subfield>
    <subfield code="4">0</subfield>
    <subfield code="6">AGR_LY_2008_000000000000000_B038_OR_9</subfield>
    <subfield code="7">0</subfield>
    <subfield code="9">3542</subfield>
    <subfield code="a">LBB</subfield>
    <subfield code="b">LBB</subfield>
    <subfield code="c">B038</subfield>
    <subfield code="d">2015-09-20</subfield>
    <subfield code="o">AGR LY 2008 B038 Or.9</subfield>
    <subfield code="p">RUA002203</subfield>
    <subfield code="r">2015-09-20</subfield>
    <subfield code="w">2015-09-20</subfield>
    <subfield code="y">AGR</subfield>
  </datafield>
  <datafield tag="952" ind1=" " ind2=" ">
    <subfield code="0">0</subfield>
    <subfield code="1">0</subfield>
    <subfield code="2">ddc</subfield>
    <subfield code="4">0</subfield>
    <subfield code="6">AGR_LY_2008_000000000000000_B038_OR_10</subfield>
    <subfield code="7">0</subfield>
    <subfield code="9">3543</subfield>
    <subfield code="a">LBB</subfield>
    <subfield code="b">LBB</subfield>
    <subfield code="c">B038</subfield>
    <subfield code="d">2015-09-20</subfield>
    <subfield code="o">AGR LY 2008 B038 Or.10</subfield>
    <subfield code="p">RUA002059</subfield>
    <subfield code="r">2015-09-20</subfield>
    <subfield code="w">2015-09-20</subfield>
    <subfield code="y">AGR</subfield>
  </datafield>
</record>
